Agricultura ecológica al sur de Brasil: de alternativa a contratendencia /
Furkejuvvon:
| Váldodahkki: | |
|---|---|
| Eará dahkkit: | |
| Materiálatiipa: | Girji |
| Giella: | Spanish |
| Fáddágilkorat: |
Lasit fáddágilkoriid
Eai fáddágilkorat, Lasit vuosttaš fáddágilkora!
|
MARC
| LEADER | 00000nam a22000007a 4500 | ||
|---|---|---|---|
| 003 | cru CIDCACS/IIS | ||
| 005 | 20200925161329.0 | ||
| 007 | ta | ||
| 008 | 170420e2016 ec ||||| |||| 00| 0 spa d | ||
| 040 | |c CRAI/IIS |a CRAI/IIS | ||
| 100 | 1 | |9 4246 |a Charão Marques, Flávia | |
| 245 | 1 | |a Agricultura ecológica al sur de Brasil: |b de alternativa a contratendencia / |c Flávia Charão Marques, Daniela Oliveira | |
| 300 | |a páginas 87-106 | ||
| 700 | 1 | |9 4288 |a Oliveira, Daniela | |
| 773 | 0 | |0 18721 |9 648 |a FLACSO, Ecuador |d Quito, Ecuador FLACSO 1997- |o R19093 |t Iconos: |x 13901249 | |
| 942 | |2 ddc |c PP | ||
| 999 | |c 19206 |d 19206 | ||
